गाइ दि मापासां की सर्वश्रेष्ठ कहानियां (Record no. 7086)
[ view plain ]
| 000 -LEADER | |
|---|---|
| fixed length control field | 01333 a2200253 4500 |
| 005 - DATE AND TIME OF LATEST TRANSACTION | |
| control field | 20181224131459.0 |
| 008 - FIXED-LENGTH DATA ELEMENTS--GENERAL INFORMATION | |
| fixed length control field | 080912t xxu||||| |||| 00| 0 hin d |
| 010 ## - LCCN (DPL NO) | |
| LC control number | HIN-80794 B-284096 |
| 020 ## - INTERNATIONAL STANDARD BOOK NUMBER | |
| International Standard Book Number | 8189462644 |
| Terms of availability | 225.00 |
| 035 ## - SYSTEM CONTROL NUMBER | |
| System control number | HN-53140 B-284096, B-245339, B-245355 |
| 037 ## - SOURCE OF ACQUISITION | |
| Source of stock number/acquisition | D.B.Act / ven |
| 082 ## - DEWEY DECIMAL CLASSIFICATION NUMBER | |
| Classification number | क |
| 245 ## - TITLE STATEMENT | |
| Title | गाइ दि मापासां की सर्वश्रेष्ठ कहानियां |
| Statement of responsibility, etc | अनुवादक नरेश किंगर |
| 246 ## - VARYING FORM OF TITLE | |
| Title proper/short title | Gai the Mopansa ki sarvshesth kahaniyan |
| Remainder of title | translated by Naresh Kinger |
| 260 ## - PUBLICATION, DISTRIBUTION, ETC. (IMPRINT) | |
| Name of publisher, distributor, etc | न्यू साधना पाकेट बुक्स |
| Date of publication, distribution, etc | 2007 |
| Place of publication, distribution, etc | जयपुर |
| 260 ## - PUBLICATION, DISTRIBUTION, ETC. (IMPRINT) | |
| Place of publication, distribution, etc | जयपुर |
| Name of publisher, distributor, etc | अपोलो प्रकाशन(वितरक) |
| 270 ## - ADDRESS | |
| Address | न्यू साधना पाकेट बुक्स |
| 270 ## - ADDRESS | |
| Address | 25, सिद्धेश्वरी महादेव मंदिर के पीछे, पिंकसिटी मार्केट, राजापार्क |
| City | जयपुर |
| 300 ## - PHYSICAL DESCRIPTION | |
| Extent | 206पृ |
| Dimensions | 22 सेमी (सजिल्द) |
| 650 ## - SUBJECT ADDED ENTRY--TOPICAL TERM | |
| Topical term or geographic name as entry element | हिन्दी कहानियाँ |
| 650 ## - SUBJECT ADDED ENTRY--TOPICAL TERM | |
| Topical term or geographic name as entry element | Hindi Stories |
| 700 ## - ADDED ENTRY--PERSONAL NAME | |
| Personal name | किंगर, नरेश |
| 942 ## - ADDED ENTRY ELEMENTS (KOHA) | |
| Institution code [OBSOLETE] | dpl |
| Item type | Hindi Books |
| Call number prefix | क / गाइदि |
| Source of classification or shelving scheme | Dewey Decimal Classification |
| Classification part | क |
| Call number suffix | गाइदि |
| Withdrawn status | Lost status | Damaged status | Not for loan | Home library | Current library | Date acquired | Cost, normal purchase price | Total Checkouts | Full call number | Barcode | Date last seen | Copy number | Cost, replacement price | Koha item type | Source of classification or shelving scheme | Collection code | Source of acquisition |
|---|---|---|---|---|---|---|---|---|---|---|---|---|---|---|---|---|---|
| D.B.Act.Division | D.B.Act.Division | 12/09/2008 | 225.00 | क गाइदि | HN-53140 | 15/09/2008 | 1 | 225.00 | Hindi Books | ||||||||
| Patel Nagar | Patel Nagar | 14/08/2018 | 225.00 | क गाइदि | B-245339 | 14/08/2018 | 225.00 | Hindi Books | Dewey Decimal Classification | Fiction | BPPD/PUB | ||||||
| Sarojini Nagar | Sarojini Nagar | 14/10/2021 | 225.00 | क गाइदि | B-245360 | 14/10/2021 | Hindi Books | Dewey Decimal Classification | Fiction | ||||||||
| Shahdara Branch | Shahdara Branch | 24/12/2018 | 225.00 | 4 | क गाइदि | B-245355 | 28/07/2019 | 225.00 | Hindi Books | Dewey Decimal Classification | Fiction | BPPD/PUB | |||||
| Vinoba Puri | Vinoba Puri | 01/10/2008 | 225.00 | 8 | क गाइदि | B-284096 | 12/09/2015 | 1 | 225.00 | Hindi Books | Dewey Decimal Classification | Fiction |
